000 00456nam a22001577a 4500
005 20240509114615.0
008 240509b |||||||| |||| 00| 0 eng d
020 _a81-85198-63-2
082 _a005.1
_bJAL-I
100 _aJalote; Pankaj
245 _aIntegrated Approach to Software Engineering/
_cPankaj Jalote
260 _aIndia;
_bNarosa Publishing House;
_c1993
300 _axiv, 363 p.:
_bill;
_c21.5 cm.
500 _aInclude Appendix.
999 _c35737
_d35737